000 00650nam a2200193 a 4500
001 000041614
005 20201002035651.0
008 131014s1988 sp 001 0 spa d
020 _a8400068521
040 _aDO-SdBNP
_bspa
_cBNPHU
082 _axxxx
_bxxxx
100 1 _aSantiago-Otero, Horacio
_915262
245 1 0 _aFe y Cultura en la Edad Media. /
_cHoracio Santiago-Otero.
260 _aMadrid, :
_bC.S.I.C.
_bCentro de Estudios Hístoricos,
_c1988.
300 _a302 p. ;
_c25 cm.
490 1 _aMedievalia et Humanística
_v4
710 2 _aConsejo Superior de Investigaciones Científicas
_94786
830 0 _aMedievalia et Humanística
_v4
_968391
999 _c41104
_d41104